000 00491nam a2200181Ia 4500
001 9493
005 20260306161722.0
008 260306t2010||||xx |||||||||||||| ||spa||
041 _aESP
082 _a379.4985
_bC266
100 _aCOPALE, Municidad Provincial Mariscal Nieto Moquegua
_eAUT
245 0 _aProyecto Educativo Local Provincia Mariscal Nieto - Moquegua
260 _c2010
300 _a229 páginas :
_c21 cm.
650 _aGEN
654 _aCED
942 _cLIB
_dJUS
_fJUS
_2ddc
_n
999 _c9493
_d9493